Fossile BGE 1A Nom - Statistiques

Statistiques générales
  • Ce quiz a été pris 17 fois
  • Le résultat moyen est 16 sur 93
Statistiques - réponses
Famille Fossile Période Lieu de vie % Correct
Nummulite Eocène - Oligocène Benthique infralittoral
63%
Alvéoline Crétacé sup. - Actuel Benthique infralittoral sup.
50%
Foraminifères Miliole Eocène (Lutétien) Benthique infralittoral
50%
Orbitoline Crétacé sup. (Cénomanien) Infralittoral sup.
50%
Trilobite Paléozoïque - Actuel Fond sableux
50%
Archéocyathe Cambrien Benthique fixé infralittoral sup.
38%
Cancellophycus Mésozoïque Bathyal - abyssal
38%
Crinoïde Trias moyen Fond rocheux
38%
Dent Tertiaire - Actuel Continental - Marin
38%
Fusuline Carbonifère - Permien Benthique infralittoral - circalittoral
38%
Hélix Tertiaire - Actuel Continental
38%
Annélides Hermelle Actuel Infralittoral - circalittoral - intertidal
38%
Arthropodes Phacops Dévonien Infralittoral
38%
Spongiaires Récéptaculite Dévonien -Silurien Benthique fixé infralittoral récifal
38%
Serpule Carbonifère - Actuel Infralittoral - circalittoral - intertidal
38%
Siphonia Crétacé sup. (Sénomien) Circalittoral
38%
Spirifer Dévonien - Permien Infralittoral - circalittoral
38%
Zaphrentis Dévonien - Carbonifère Fixé récifal infralittoral
38%
Acropora Jurassique sup. - Actuel Fond rocheux infralittoral
25%
Cardita Eocène Infralittoral fond sableux
25%
Cardium Lias - Actuel Intertidal - infralittoral
25%
Echinodermes Cidaris Jurassique - Actuel Infralittoral hôte récifal
25%
Diatomées Actuel Bathyal
25%
Eupsammia Eocène Fond sableux infralittoral
25%
Fougère Carbonifère Continental
25%
Helminthoïde Mésozoïque - Actuel Bathyal - abyssal
25%
Hexagonaria Carbonifère Littoral récifal
25%
Isis Crétacé - Actuel Fond rocheux infralittoral - circalittoral voir bathyal sup.
25%
Lépidodendron Carbonifère - Permien Continental
25%
Lingule Cambrien - Actuel Intertidal - Infralittoral
25%
Micraster Sénomien Fond vaseux, boueux infralittoral - circalittoral
25%
Natica Crétacé - Actuel Infralittoral
25%
Nautilus Actuel Marin
25%
Planorbis Tertiaire - Actuel Continental - lacustre
25%
Brachiopodes Productus Carbonifère - Permien Benthique fixé sur fonds rocheux infralittoral récifal - circalittoral sup.
25%
Rhynchonelle Permien - Actuel Benthique fixé sur fond rocheux circalittoral - bathyal
25%
Solen Crétacé - Actuel Infralittoral
25%
Algues Stromatolithes Précambrien - Actuel Marin
25%
Bivalves Arca Trias - Actuel Infralittoral
13%
Végétaux supérieur Bois fossiles Tertiaire - Actuel Continental
13%
Bryozoaire Bryozoaire Dévonien - Permien Marin littoral - circalittoral
13%
Gastéropodes Cerithium Crétacé sup. - Actuel Intertidal - infralittoral
13%
Coquilles d'oeufs Crétacé - Actuel Continental
13%
Crioceras Hauterivien Infralittoral
13%
Vertébrés, les restes Débris osseux Tertiaire - Actuel Continental
13%
Dentalium Tertiaire - Acteul infralittoral
13%
Diceras Jurassique sup. Marin récifal
13%
Duvalia Crétacé inf. Marin
13%
Echinochorys Sénomien - Damien Fond vaseux, boueux infralittoral - circalittoral
13%
Glycimeris Crétacé - Actuel Infralittoral
13%
Hippurites Crétacé Marin récifal
13%
Limnea Tertiaire - Actuel Lacustre - fluviale
13%
Mytilus Trias - Actuel Marin littoral
13%
Nerinea Dogger - Crétacé sup. Infralittoral récifal
13%
Ostrea Miocène - Actuel Marin infralittoral
13%
Paradoxides Cambrien Infralittoral
13%
Patella Crétacé sup. - Actuel Intertidal
13%
Pecten Jurassique - Actuel Infralittoral
13%
Pleurodyctium Dévonien Littoral récifal
13%
Pleurotomaria Silurien - Actuel Infralittoral - circalittoral
13%
Scrutella Miocène Fond sableux fin infralittoral
13%
Térébratule Permien - Actuel Benthique fixé sur fond rocheux infralittoral - circalittoral
13%
Trigonia Lias - Crétacé Infralittoral
13%
Amaltheus Lias moyen Infralittoral - circalittoral
0%
Arétite Lias inf. Infralittoral
0%
Basculites Campanien - Maastrichtien Circalittoral
0%
Céphalopodes Belemnitella Crétacé sup. Marin
0%
Berriasella Berriasien Circalittoral
0%
Calamites Carbonifère - Permien Continental
0%
Cardioceras Callovien - Oxfordien Circalittoral
0%
Cératites Trias Infralittoral
0%
Clyménies Dévonien Circalittoral
0%
Graptolithes Dictyonema Silurien Marin
0%
Exogyra Malm Fond vaseux infralittoral
0%
Goniatites Dévonien - Permien Infralittoral - saumâtre
0%
Gryphaea Sinemurien Fond vaseux infralittoral
0%
Halmédia Actuel Infralittoral
0%
Coelentérés Halysites Ordovicien - Dévonien Benthique fixé infralittoral récifal
0%
Hildoceras Toarcien Infralittoral - circalittoral
0%
Hoplites Albien Infralittoral - circalittoral
0%
Inoceramus Crétacé Fond vaseux circalittoral
0%
Macrocephalus Bathonien - Callovien Infralittoral - circalittoral
0%
Mélobésiées Tertiaires - Actuel Infralittoral
0%
Olcostephanus Valanginien - Hauterivien Circalittoral
0%
Perisphinctes Callovien - Tithonien Circalittoral
0%
Pulchellia Barnemien Infralittoral - circalittoral
0%
Reineckeia Callovien Infralittoral - circalittoral
0%
Requienia Crétacé inf. Marin récifal
0%
Schloenbachia Cénomanien Infralittoral - circalittoral
0%
Sowerbyceras Oxfordien Circalittoral
0%
Tissotia Crétacé Terminal Circalittoral
0%
Turrilites Cénomanien Circalittoral
0%
Unio Jurassique sup. - Actuel Continental - fluvial - lacustre
0%
Aucun quiz correspondant
Distribution des résultats
% des personnes avec chaque résultat
Percentile par nombre de réponses
Votre historique - résultats
Vous n’avez pas pris ce quiz